000 00730nmm a2200265 a 4500
003 AR-BaBNM
005 20251128211416.0
008 214020s[200 ||||||||||||||000 | spa||
020 _a950-43-8836-1
040 _cAR-BaBNM
245 1 0 _aArgentina
_bimagen de un país. Summa metropolitana
260 _aBuenos Aires
_bBridas
_c[200?]
300 _a296 p.
_bil., láms., mapas
650 4 _aHISTORIA ARGENTINA
650 4 _aHISTORIA SOCIAL
650 4 _aIDENTIDAD CULTURAL
650 4 _aSOCIOLOGIA
650 4 _aURBANISMO
650 4 _aPERIODO HISPANICO
650 4 _aHISTORIA DE BUENOS AIRES
650 4 _aCOSTUMBRES Y TRADICIONES
700 1 _aBulgheroni, Raúl
_ecoordinador
942 _cBK
998 _cMariana
999 _c19564
_d19564